All Senators From Alaska - Statistics

General Stats
  • This quiz has been taken 48 times
  • The average score is 5 of 8
Answer Stats
Years Party Senator % Correct
1981-2002 Republican Frank Murkowski
94%
2002- Republican Lisa Murkowski
94%
2015- Republican Dan Sullivan
86%
1968-2009 Republican Ted Stevens
69%
2009-2015 Democratic Mark Begich
63%
1969-1981 Democratic Mike Gravel
57%
1959-1969 Democratic Ernest Gruening
31%
1959-1968 Democratic Bob Bartlett
29%
No matching quizzes found
Score Distribution
Percent of People with Each Score
Percentile by Number Answered
Your Score History
You have not taken this quiz